000 01420nam a2200325 a 4500
001 000026033
005 20200930024239.0
008 110225s2002 mx a r 000 0 spa d
020 _a9682323517
040 _aDO-SdBNP
_bspa
_cBNPHU
041 1 7 _aspa
_heng
_2Código de idioma MARC
082 _a339.46
_bC551g
100 1 _aChossudovsky, Michel,
_d1914-2006
_933636
240 1 0 _aThe globalisation of poverty. Impacts of IMF and world bank reforms.
_lEspañol.
245 1 0 _aGlobalización de la pobreza y nuevo orden mundial /
_cMichel Chossudovsky ; traducción de Ana María Palos y Bertha Ruiz de la Concha ; revisión de Beatriz Stellino.
260 _aMéxico, D. F. :
_bSiglo Veintiuno Editores,
_c2002.
300 _ax, 392 p. :
_bil. ;
_c21 cm.
490 1 _aEl mundo del siglo XXI
504 _aIncluye referencias bibliográficas (p. 375-386)
534 _aTítulo original.
_tThe globalisation of poverty. Impacts of IMF and world bank reforms.
650 4 _aGlobalización
_xAspectos económicos
_919040
650 4 _aDesigualdad económica
_952957
650 4 _aPobreza
_xAspectos económicos
_952958
700 1 _aPalos, Ana María,
_etr.
_95235
700 1 _aRuiz de la Concha, Bertha,
_etr.
_952959
700 1 _aStellino, Beatriz,
_952960
710 2 _aCentro de Investigaciones Interdisciplinarias en Ciencias y Humanidades
_952961
830 0 _aEl mundo del siglo XXI
_952962
049 _aBNGR
999 _c25525
_d25525